[Event "Athens Smaok-ch"]
[Site "Greece"]
[Date "2012.09.23"]
[Round "2.9"]
[White "Karali, Panagiota"]
[Black "Hatzigeorgiou, Mihail"]
[Result "1-0"]
[WhiteElo "1325"]
[BlackElo "1853"]
[PlyCount "53"]
[EventDate "2012.09.16"]
[EventType "swiss"]
[EventRounds "7"]
[EventCountry "GRE"]
[SourceTitle "EXT 2024"]
[Source "ChessBase"]
[SourceDate "2023.10.10"]
[SourceVersion "1"]
[SourceVersionDate "2023.10.10"]
[SourceQuality "1"]

1. e4 c5 2. Nc3 Nc6 3. f4 d6 4. Nf3 e6 5. Bc4 g6 6. 0-0 Bg7 7. d3 a6 8. Qe1 Nge7 9. Qh4 Nd4 10. Nxd4 Bxd4+ 11. Kh1 Bd7 12. Ne2 Bg7 13. c3 b5 14. Bb3 a5 15. Ng3 a4 16. Bc2 0-0 17. f5 exf5 18. Bh6 fxe4 19. Bxg7 Kxg7 20. dxe4 Nc6 21. Qf4 Ne5 22. Rad1 Be6 23. Bd3 Qb6 24. Be2 Bxa2 25. Qf6+ Kg8 26. Rxd6 Qc7 27. Qxe5 1-0

[Event "Athens Smaok op"]
[Site "Athens"]
[Date "2010.10.14"]
[Round "3.7"]
[White "Karali, Panagiota"]
[Black "Stoumbou, Eleni"]
[Result "0-1"]
[WhiteElo "1314"]
[BlackElo "1912"]
[PlyCount "76"]
[EventDate "2010.09.30"]
[EventType "swiss"]
[EventRounds "7"]
[EventCountry "GRE"]
[SourceTitle "EXT 2024"]
[Source "ChessBase"]
[SourceDate "2023.10.10"]
[SourceVersion "1"]
[SourceVersionDate "2023.10.10"]
[SourceQuality "1"]

1. e4 c6 2. d4 d5 3. Nc3 dxe4 4. Nxe4 Nf6 5. Nxf6+ gxf6 6. c3 Nd7 7. Nf3 Nb6 8. Be2 Bf5 9. 0-0 Qc7 10. b4 0-0-0 11. Qb3 e6 12. g3 Bg4 13. a4 h5 14. Re1 Bd6 15. Be3 Nd5 16. Bd2 h4 17. Nxh4 Rxh4 18. c4 Bxe2 19. Rxe2 Rxd4 20. cxd5 Rxd5 21. Rc1 Bxg3 22. fxg3 Rxd2 23. Rxd2 Rxd2 24. Rd1 Qb6+ 25. Kh1 Rxd1+ 26. Qxd1 Qxb4 27. Qh5 Qb1+ 28. Kg2 Qe4+ 29. Kf2 Qf5+ 30. Qxf5 exf5 31. Ke3 b5 32. axb5 cxb5 33. Kd3 b4 34. Kc4 a5 35. Kb3 Kd7 36. Ka4 f4 37. gxf4 f5 38. h4 Ke7 0-1